Sociología criminal /

Detalles Bibliográficos
Autor principal: Ferri, Enrico, 1856-1929 (Autor)
Otros Autores: Agurto Gonzáles, Carlos Antonio (Editor), Quequejana Mamani, Sonia Lidia (Editor), Choque Cuenca, Benigno (Editor), Soto Hernández, Antonio (Traductor)
Formato: Electrónico eBook
Lenguaje:español
italiano
Publicado: Santiago, Chile : Ediciones Olejnik, [2022]
Colección:Biblioteca de criminología.
Materias:
Acceso en línea:Digitalia Hispánica

MARC

LEADER 00000nam a2200000Ii 4500
001 DIGOLEJNK1241
003 NyNyDIG
006 m o d
007 cr |||||||||||
008 251105s2022 cl o 000 0 spa d
035 |a (OCoLC)1427226795 
040 |a DGITA  |b eng  |e rda  |e pn  |c DGITA 
020 |z 9789564072050 
041 1 |a spa  |h ita 
050 1 4 |a HV6038 ebook 
100 1 |a Ferri, Enrico,  |d 1856-1929,  |e author. 
240 1 0 |a Sociologia criminale.  |l Spanish  |s (Soto Hernández) 
245 1 0 |a Sociología criminal /  |c Enrico Ferri ; edición al cuidado de Carlos Antonio Agurto Gonzáles, Sonia Lidia Quequejana Mamani, Benigno Choque Cuenca ; traducción de Antonio Soto Hernández. 
264 1 |a Santiago, Chile :  |b Ediciones Olejnik,  |c [2022] 
300 |a 1 online resource. 
336 |a text  |b txt  |2 rdacontent 
337 |a computer  |b c  |2 rdamedia 
338 |a online resource  |b cr  |2 rdacarrier 
347 |a text file  |2 rdaft 
347 |b PDF 
490 1 |a Biblioteca de criminología 
588 0 |a Online resource; title from PDF title page (Digitalia, viewed November 5, 2025) 
650 0 |a Crime. 
650 0 |a Criminal anthropology. 
700 1 |a Agurto Gonzáles, Carlos Antonio,  |e editor. 
700 1 |a Quequejana Mamani, Sonia Lidia,  |e editor. 
700 1 |a Choque Cuenca, Benigno,  |e editor. 
700 1 |a Soto Hernández, Antonio,  |e translator. 
700 1 |i Translation of:  |a Ferri, Enrico,  |d 1856-1929.  |t Sociologia criminale. 
791 2 |a Digitalia (Firm),  |e distributor. 
793 0 |g Digitalia eBook Collection:  |a Ediciones Olejnik 
776 0 8 |i Print version:  |a Ferri, Enrico, 1856-1929.  |s Sociologia criminale. Spanish (Soto Hernández).  |t Sociología criminal.  |b Primera edición en Ediciones Olejnik.  |d Santiago, Chile : Ediciones Olejnik, 2022  |z 9789564072050 
830 0 |a Biblioteca de criminología. 
856 4 0 |3 Digitalia Hispánica  |u https://www.digitaliapublishing.com/a/157747/ 
910 |a Premium collection: 2025